V plnom pracovnom tempe (druhý deň rokovania IV. zjazdu ČSZTV)

Bibliographic Details
Main Author: Eidlpes, Karol (Author)
Format: Article
Language:Slovak
Subjects:

MARC

LEADER 00000nab a2200000 a 4500
001 vtls009473822
003 SK-MaSNL
005 20260303232140.0
008 090217 19731117xo |00 0 slo
015 |a SNBRB1973  |2 snkbucl 
040 |a SNKBUCL  |b slo  |c SNKBUCL  |e AACR2 
041 0 |a slo 
044 |a xo  |c SK 
080 |a 796.034.2  |x (437)  |2 2001 
080 |a 061.3  |2 2001 
100 1 |a Eidlpes, Karol  |4 aut  |9 943946 
245 1 0 |a V plnom pracovnom tempe  |b (druhý deň rokovania IV. zjazdu ČSZTV)  |c Karol Eidlpes 
610 2 7 |a Československý zväz telesnej výchovy  |2 snkbucl  |9 615386 
648 7 |a 1973  |2 snkbucl  |9 282428 
773 0 |t Šport  |g (17.11.1973), s. 1 
999 |c 2270277  |d 2272207